000 00325nam a22001217a 4500
999 _c9590
_d9590
003 OSt
008 201203b ||||| |||| 00| 0 eng d
245 _aIndustrial Products Finder
250 _a2010(Nov Vol.39 No.2, Dec Vol.39 No.3)
260 _aChennai
_bIPF Publications
650 _aMechanical Engineering
942 _2ddc
_cBV